Znani ludzie według inicjałów - imiona na "O" - Statystyki

Ogólne statystyki
  • Ten quiz został rozwiązany 183 razy
  • Średni wynik to 6 z 18
Statystyki odpowiedzi
Inicjały Kim jest ta osoba? Odpowiedź % Poprawnych
OJ Polska pływaczka, mistrzyni olimpijska z 2004 r. Otylia Jędrzejczak
83%
OT Polska pisarka, laureatka literackiej Nagrody Nobla w 2018 r. Olga Tokarczuk
79%
OB Niemiecki polityk, kanclerz Rzeszy, przyczynił się do zjednoczenia Niemiec w XIX w. Otto von Bismarck
59%
OK Niemiecki piłkarz, wicemistrz świata z 2002 r., wieloletni zawodnik Bayernu Monachium Oliver Kahn
56%
OO Brytyjski muzyk, wokalista zespołu Black Sabbath i muzyk solowy Ozzy Osbourne
50%
OG Francuski piłkarz, mistrz świata z 2018 r., zawodnik m.in. Arsenalu i Chelsea Olivier Giroud
44%
OP Południowoafrykański lekkoatleta, rekordzista świata wśród niepełnosprawynych na 100, 200 i 400 m, obecnie w więzieniu po zabiciu swojej dziewczyny Oscar Pistorius
42%
OS Niemiecki przedsiębiorca, który uratował życie wielu więźniów w obozach koncentracyjnych Oskar Schindler
42%
OW Irlandzki pisarz, autor dzieł takich jak "Portret Doriana Greya" czy "Dusza człowieka w socjalizmie" Oscar Wilde
29%
OC Angielski polityk, główna postać brytyjskiej wojny domowej w XVII w. Oliver Cromwell
24%
ON Australijsko-brytyjska piosenkarka, znana z utworów takich jak "Hopelessly devoted to you" czy "Xanadu" Olivia Newton-John
15%
OM Nigeryjski piłkarz, zawodnik m.in. Interu Mediolan i Newcastle Obafemi Martins
14%
OI Gwatemalsko-amerykański aktor, znany z ról Poe Damerona w "Gwiezdnych wojnach" i En Sabah Nura w "X-Men: Apocalypse" Oscar Isaac
11%
OR Amerykański muzyk, jeden z najwybitniejszych twórców gatunku soul Otis Redding
7%
OH Kanadyjski wrestler, zmarły w wyniku wypadku podczas gali w 1999 r. Owen Hart
7%
OA Amerykańska aktorka, znana z ról m.in. w filmach "Nienarodzony" i "To znowu ty" Odette Annable
2%
OF Norweski skoczek narciarski, brązowy medalista olimpijski z 1988 r., mistrz świata w lotach Ole Gunnar Fidjestøl
1%
OD Niemiecki malarz, autor wielu dzieł dokumentujących II wojnę światową Otto Dix
1%
Nie znaleziono quizów pasujących do podanych kryteriów
Rozkład punktacji
Procent ludzi z każdym wynikiem
Percentyl według liczby udzielonych odpowiedzi
Twoja historia wyników
Nie rozwiązałeś tego quizu